000 01079nam a22003377a 4500
003 CHAP
005 20220329134657.0
008 971013s1977 r 00010 d
010 _a24086
011 _a25058
035 _a29158
040 _cCHAP
090 _aFolleto 4370
100 0 0 _aBreteler, F. J.
_915249
245 _aRevision of Atroxina stapf and Carpolobia G. Don (Polygalaceae)
260 _aWageningen :
_bVeenman & Zonen,
_c1977
300 _a45 p.
_b: ilus.
490 _aMededelingen Landbouwhogeschool
_v; 77-18
590 _aBATCH-UPD
_b10
_c20130110
_lUCH01
_h0240
590 _aBATCH-UPD
_b10
_c20130110
_lUCH01
_h2303
590 _aCONVERSION
_b10
_c20130109
_lUCH01
_h1314
650 1 4 _aAtroxima.
_98279
650 1 4 _aCarpolobia.
_919296
650 1 4 _aPolygalaceas.
_990738
700 0 _aSmissaert-Houwing, A. A. S.
_9106938
830 0 _aMededelingen Landbouwhogeschool
_v; 77-18
_973858
901 _aBK
942 _cFOLL
949 _aFolleto 4370
_bBC
_cFOLL
_d-67319
_eTS1
_i29158
_si
949 _aFolleto 4370
_bBC
_cFOLL
_d-67320
_eTS2
_fc.2
_i29158
_si
999 _c24086
_d24086